All the Star Wars Jedis - Statistics

General Stats
  • This quiz has been taken 342 times
  • The average score is 12 of 31
Answer Stats
Answer % Correct
Luke Skywalker
97%
Obi-Wan Kenobi
95%
Yoda
94%
Mace Windu
89%
Rey Skywalker | Rey Palapatine
87%
Anakin Skywalker
85%
Qui-Gon Jinn
77%
Plo Koon
67%
Kit Fisto
66%
+Yaddle
49%
Count Dooku
42%
Shaak Ti
41%
Luminara Unduli
34%
Ben Solo
33%
Barriss Offee
27%
Eeth Koth
25%
Saesee Tiin
24%
Adi Gallia
21%
Agen Kolar
21%
Quinlan Vos
19%
Yarael Poof
19%
Even Piell
17%
Ayala Secura
16%
Deppa Billaba
15%
Oppo Rancisis
13%
Stass Allie
13%
Jocasta Nu
12%
Sifo Dyas
8%
Pablo-Jill | Bultar Swan
4%
Zett Jukassa
3%
Coleman Trevor
2%
No matching quizzes found
Score Distribution
Percent of People with Each Score
Percentile by Number Answered
Your Score History
You have not taken this quiz